| 000 | 00498nam a2200157 i 4500 | ||
|---|---|---|---|
| 001 | 150171 | ||
| 003 | ES-MaACL | ||
| 005 | 20230906203414.0 | ||
| 007 | t| | ||
| 008 | 071026s1964 sp ||||1| spa d | ||
| 100 | 1 |
_aVallejo y Guijarro, María Luisa. _9112863 |
|
| 245 | 1 | 0 |
_aHistorias y tradiciones conquenses / _cMaría Luisa Vallejo y Guijarro. |
| 260 |
_aCuenca : _b[s.n.], _c1964 ( _fImp. Falange) |
||
| 300 |
_a223 p., 7 h. gráb. : _bil. ; _c19 cm. |
||
| 852 |
_aES-MaACL _jC-25498 _bR.53984 |
||
| 999 |
_c150171 _d150171 |
||